000 00733nam a2200289Ia 4500
005 20260324130627.0
008 008 260324s9999 xx 000 0 eng d
020 _a9781315091945
037 _aEBOOK
040 _aCRL
040 _beng
040 _cCRL
041 _2eng
041 _aeng
084 _qCRL
100 _aArnold B. Danzig; Bruce A. Jones; William F. Wright; Kathryn M. Borman
_91182488
245 0 _aLearner-Centered Leadership
245 0 _bResearch, Policy, and Practice
260 _bTaylor and Francis
260 _c2007
365 _a
365 _b230
856 _uhttp://www.taylorfrancis.com/books/9781315091945
942 _cEBOOK
999 _c1778825
_d1778825